|
|
|
|
| LEADER |
00000caa a2200000 c 4500 |
| 001 |
1520724470 |
| 003 |
DE-627 |
| 005 |
20220603152710.0 |
| 007 |
tu |
| 008 |
151104s1996 xx ||||| 00| ||ger c |
| 020 |
|
|
|a 3593354373
|
| 035 |
|
|
|a (DE-627)1520724470
|
| 035 |
|
|
|a (DE-576)450724476
|
| 035 |
|
|
|a (DE-599)BSZ450724476
|
| 040 |
|
|
|a DE-627
|b ger
|c DE-627
|e rakwb
|
| 041 |
|
|
|a ger
|
| 100 |
1 |
|
|a Diewald, Martin
|d 1958-
|0 (DE-588)130608432
|0 (DE-627)504639587
|0 (DE-576)168005913
|4 aut
|
| 109 |
|
|
|a Diewald, Martin 1958-
|a Diewald, M. 1958-
|
| 245 |
1 |
0 |
|a Berufsbezogene Kohortenschicksale und Kontrollüberzeugungen ostdeutscher Erwachsener nach der Wende
|c Martin Diewald und Johannes Huinink
|
| 264 |
|
1 |
|c 1996
|
| 300 |
|
|
|b graph. Darst.
|
| 336 |
|
|
|a Text
|b txt
|2 rdacontent
|
| 337 |
|
|
|a ohne Hilfsmittel zu benutzen
|b n
|2 rdamedia
|
| 338 |
|
|
|a Band
|b nc
|2 rdacarrier
|
| 700 |
1 |
|
|a Huinink, Johannes
|d 1952-
|0 (DE-588)122713958
|0 (DE-627)082109494
|0 (DE-576)165047704
|4 aut
|
| 773 |
0 |
8 |
|i In
|t Gesellschaften im Umbruch ; 1
|d Opladen : Westdt. Verl., 1996
|g (1996), Seite [765]-780
|h 989 S.
|w (DE-627)1119606012
|w (DE-576)049606018
|z 3593354373
|7 nnam
|
| 773 |
1 |
8 |
|g year:1996
|g pages:[765]-780
|
| 935 |
|
|
|a mkri
|
| 951 |
|
|
|a AR
|
| ELC |
|
|
|b 1
|
| LOK |
|
|
|0 000 xxxxxcx a22 zn 4500
|
| LOK |
|
|
|0 001 2899254278
|
| LOK |
|
|
|0 003 DE-627
|
| LOK |
|
|
|0 004 1520724470
|
| LOK |
|
|
|0 005 20251112114916
|
| LOK |
|
|
|0 008 160208||||||||||||||||ger|||||||
|
| LOK |
|
|
|0 040
|a DE-21-110
|c DE-627
|d DE-21-110
|
| LOK |
|
|
|0 689
|a s
|a Erwerbsverläufe
|
| LOK |
|
|
|0 689
|a s
|a Ostdeutsche
|
| LOK |
|
|
|0 689
|a s
|a Berufsbezogene Kontrollüberzeugungen
|
| LOK |
|
|
|0 689
|a s
|a Lebenslauf
|
| LOK |
|
|
|0 852
|a DE-21-110
|
| LOK |
|
|
|0 852 1
|m p
|9 00
|
| LOK |
|
|
|0 935
|a k110
|
| LOK |
|
|
|0 938
|k p
|
| LOK |
|
|
|0 939
|a 08-02-16
|b l01
|
| ORI |
|
|
|a SA-MARC-krimdoka001.raw
|